Creative Calculations! - Statistics

General Stats
  • This quiz has been taken 136 times
  • The average score is 3 of 10
Answer Stats
Problem Answer % Correct
0 + 0 EIGHT
72%
6 + 6 EIGHT-TEEN
50%
5 + 5 TWENTY-TWO
36%
1 + 1 WINDOW
33%
2 + 2 FISH
24%
3 + 3 EIGHT
18%
7 + 7 TRIANGLE
13%
9 + 9 GLASSES
11%
8 + 8 DOUBLE SNOWMAN
7%
4 + 4 TREE
7%
No matching quizzes found
Score Distribution
Percent of People with Each Score
Percentile by Number Answered
Your Score History
You have not taken this quiz